000 00876nam a2200217Ii 4500
003 JO-AjNU
008 230605s9999||||xx |||||||||||||| ||und||
017 _a2007/7/2142
020 _a978-9957-24-295-4
040 _aJO-AjNU
_bara
_erda
_cJO-AjNU
041 _aara
050 1 4 _aLB41.U88 2007
100 3 _aجرادات، عزت وآخرون، م.مشارك ذوقان عبيدات، م.مشارك هيفاء ابو غزالة، م.مشارك خيري عبداللطيف,
_eauthor
_959964
245 0 0 _aاسس التربية
264 3 1 _aعمان: دار صفاء للنشر والتوزيع، 2007
300 _a206ص
_b ويحتوي على قائمة مراجع من ص203-ص206
336 _atext
_btxt
_2rdacontent
337 _aunmediated
_bn
_2rdamedia
338 _avolume
_bnc
_2rdacarrier
650 4 _aالتربية- التعلم- طرق التعلم
_959965
999 _aA27011
_c30579
_d30579